[Event "Kaupthing Open Differdange"]
[Site "Differdange"]
[Date "2007.07.11"]
[Round "6.20"]
[White "Gretarsson, Hjorvar Stein"]
[Black "Bakalarz, Mieczyslaw"]
[Result "1/2-1/2"]
[WhiteElo "2168"]
[BlackElo "2355"]
[PlyCount "126"]
[EventType "swiss"]
[EventCountry "LUX"]

1. c4 Nf6 2. Nc3 e5 3. Nf3 d6 4. d3 Nc6 5. g3 g6 6. Bg2 Bg7 7. O-O O-O 8. e4
Nd7 9. Ng5 h6 10. Nh3 Nc5 11. f4 exf4 12. Nxf4 Nd4 13. Be3 a5 14. Qd2 Kh7 15.
Qf2 Nce6 16. Rae1 c6 17. h4 a4 18. a3 Bd7 19. Kh2 Ra5 20. Nce2 Nxf4 21. Nxf4
Qf6 22. Bd2 Raa8 23. Bc3 Qe5 24. Ne2 c5 25. Nf4 Rae8 26. Nd5 b5 27. Nf6+ Bxf6
28. Qxf6 bxc4 29. dxc4 Be6 30. Rf2 Bxc4 31. Bxd4 cxd4 32. Rd1 d3 33. Qxe5 dxe5
34. Rf6 Re6 35. Rf2 Rb6 36. Rc1 Bb3 37. Rc3 Rd8 38. Rd2 Bc2 39. Bf1 Rd4 40.
Bxd3 Bxd3 41. Rcxd3 Rxd3 42. Rxd3 Rxb2+ 43. Kh3 Rb3 44. Rd5 f6 45. Rd7+ Kg8 46.
Ra7 Rxa3 47. Ra8+ Kf7 48. Ra7+ Ke8 49. Ra6 f5 50. Rxg6 f4 51. Re6+ Kd7 52. Rxe5
Rxg3+ 53. Kh2 Rg4 54. Kh3 Rg6 55. Rd5+ Rd6 56. Ra5 Rd4 57. e5 Ke6 58. Kg4 Rb4
59. h5 Re4 60. Kf3 Rxe5 61. Rxa4 Rxh5 62. Ra6+ Kf5 63. Ra5+ Kg6 1/2-1/2

[Event "Kaupthing Open Differdange"]
[Site "Differdange"]
[Date "2007.07.11"]
[Round "6.21"]
[White "Van Dooren, Dirk"]
[Black "Smokina, Karolina"]
[Result "1-0"]
[WhiteElo "2331"]
[BlackElo "2205"]
[PlyCount "99"]
[EventType "swiss"]
[EventCountry "LUX"]

1. f4 d5 2. Nf3 Nf6 3. e3 c5 4. b3 Nc6 5. Bb5 a6 6. Bxc6+ bxc6 7. Ne5 Qc7 8.
O-O a5 9. Nc3 h5 10. Na4 Ng4 11. Bb2 Nxe5 12. Bxe5 Qa7 13. c4 Bg4 14. Qc2 e6
15. Bb2 Rd8 16. d3 h4 17. h3 Bh5 18. e4 d4 19. Qf2 Be7 20. Rae1 Kd7 21. Bc1
Rdf8 22. f5 e5 23. Bd2 f6 24. Ra1 g5 25. fxg6 Bxg6 26. Qe1 Ra8 27. Qe2 Bh5 28.
Qf2 Bf7 29. Bg5 Be6 30. Bxf6 Raf8 31. Bxh8 Rxh8 32. Qe2 Kd6 33. Rf3 Bg5 34.
Raf1 Rg8 35. Kh1 Qg7 36. R1f2 Qh6 37. Qe1 Bd8 38. Kg1 Qg7 39. Kf1 Qh8 40. Ke2
Qh5 41. Qf1 Rg3 42. Ke1 Qh6 43. Kd1 Qh5 44. Kc2 Qg5 45. Rxg3 hxg3 46. Rf3 Qg7
47. Qe1 Qh7 48. Rxg3 Bh4 49. Qxa5 Bxg3 50. Qxc5+ 1-0

[Event "Kaupthing Open Differdange"]
[Site "Differdange"]
[Date "2007.07.11"]
[Round "6.22"]
[White "Ristic, Alexandre"]
[Black "Zozulia, Anna"]
[Result "0-1"]
[WhiteElo "2094"]
[BlackElo "2328"]
[PlyCount "72"]
[EventType "swiss"]
[EventCountry "LUX"]

1. Nf3 Nf6 2. g3 g6 3. Bg2 Bg7 4. O-O O-O 5. d3 d5 6. Re1 c5 7. Nbd2 Nc6 8. e4
dxe4 9. dxe4 b6 10. c3 e6 11. h4 Bb7 12. Nh2 Ne5 13. f4 Nd3 14. Re3 e5 15. Qc2
Nxc1 16. Rxc1 exf4 17. gxf4 Nh5 18. Rf1 Qxh4 19. Rh3 Qe7 20. Rf2 Rad8 21. f5
Rd7 22. Ndf1 Re8 23. Qa4 Red8 24. Ng4 Nf6 25. Nxf6+ Bxf6 26. Ne3 Bg5 27. Ng4
Rd1+ 28. Kh2 h5 29. f6 Qc7+ 30. e5 hxg4 31. Qxg4 Qxe5+ 32. Rg3 Bxg2 33. Kxg2
Qe1 34. Qh3 Qg1+ 35. Kf3 R1d3+ 36. Kg4 Qxf2 0-1

[Event "Kaupthing Open Differdange"]
[Site "Differdange"]
[Date "2007.07.11"]
[Round "6.24"]
[White "Steil Antoni, Fiona"]
[Black "Lagerman, Robert"]
[Result "0-1"]
[WhiteElo "2065"]
[BlackElo "2315"]
[PlyCount "73"]
[EventType "swiss"]
[EventCountry "LUX"]

1. e4 e5 2. Nf3 Nc6 3. Bb5 Nge7 4. c3 d6 5. O-O Bd7 6. d3 g6 7. Re1 Bg7 8. Nbd2
O-O 9. Nf1 h6 10. a3 Kh7 11. Ba4 f5 12. exf5 Nxf5 13. Bc2 Qf6 14. Be3 d5 15.
Ng3 Nxg3 16. fxg3 d4 17. Bf2 Bg4 18. Ba4 Bxf3 19. Qxf3 Qxf3 20. gxf3 Rxf3 21.
Bxc6 bxc6 22. cxd4 Raf8 23. Re2 exd4 24. Rc1 Rxd3 25. Rxc6 Rf7 26. Rc1 Rdf3 27.
Rd2 h5 28. Bxd4 Bh6 29. Rcd1 Bxd2 30. Rxd2 Rd7 31. Bc3 Rxd2 32. Bxd2 Kg8 33.
Kg2 Rd3 34. Bc3 c5 35. Kh3 g5 36. Bf6 Rd5 37. Kg2 0-1

[Event "Kaupthing Open Differdange"]
[Site "Differdange"]
[Date "2007.07.11"]
[Round "6.25"]
[White "Brittner, Serge"]
[Black "Berg, Runar"]
[Result "1-0"]
[WhiteElo "2294"]
[BlackElo "2129"]
[PlyCount "51"]
[EventType "swiss"]
[EventCountry "LUX"]

1. d4 d5 2. c4 c6 3. Nf3 Nf6 4. e3 e6 5. Bd3 Nbd7 6. O-O Bd6 7. Nbd2 O-O 8. e4
dxe4 9. Nxe4 Nxe4 10. Bxe4 Nf6 11. Bc2 Qc7 12. Qd3 Bf4 13. Re1 Bxc1 14. Raxc1
Qf4 15. g3 Qd6 16. Ne5 g6 17. Qf3 Kg7 18. Rcd1 Rd8 19. g4 Qe7 20. Qf4 Bd7 21.
Re3 Be8 22. Rh3 Ng8 23. g5 f6 24. Qh4 h5 25. gxh6+ Kh7 26. Nxg6 1-0

[Event "Kaupthing Open Differdange"]
[Site "Differdange"]
[Date "2007.07.11"]
[Round "6.26"]
[White "Holm, Sejer"]
[Black "Korman, Maxim"]
[Result "0-1"]
[WhiteElo "2262"]
[BlackElo "2061"]
[PlyCount "72"]
[EventType "swiss"]
[EventCountry "LUX"]

1. d4 Nf6 2. c4 c5 3. d5 b5 4. cxb5 a6 5. b6 Bb7 6. Nc3 e6 7. e4 exd5 8. exd5
d6 9. a4 a5 10. Bb5+ Nbd7 11. Bg5 Be7 12. Bxf6 Bxf6 13. Nge2 O-O 14. Bxd7 Qxd7
15. O-O Ra6 16. Ne4 Bxb2 17. Rb1 Ba3 18. Qd3 Bb4 19. Ng5 g6 20. Ng3 Rxb6 21. f4
Ba6 22. Qf3 Bxf1 23. Rxf1 h6 24. f5 hxg5 25. fxg6 f5 26. Qh5 Bd2 27. h4 Be3+
28. Kh1 Bf4 29. Ne2 Qg7 30. hxg5 Be5 31. Nf4 Bxf4 32. Rxf4 Qh8 33. Qxh8+ Kxh8
34. g4 Rb4 35. Rxf5 Rxf5 36. gxf5 Kg7 0-1

[Event "Kaupthing Open Differdange"]
[Site "Differdange"]
[Date "2007.07.11"]
[Round "6.27"]
[White "Sorm, Daniel"]
[Black "Zienkiewicz, Alexandre"]
[Result "1-0"]
[WhiteElo "2250"]
[BlackElo "2037"]
[PlyCount "56"]
[EventType "swiss"]
[EventCountry "LUX"]

1. d4 c5 2. d5 e6 3. e4 exd5 4. exd5 d6 5. Nf3 Be7 6. Be2 Nf6 7. Nc3 O-O 8. O-O
Na6 9. h3 Nc7 10. Nh2 b6 11. Ng4 Nxg4 12. hxg4 Bf6 13. Ne4 Be5 14. g5 Bb7 15.
c4 Re8 16. a4 a6 17. Ra3 b5 18. Rh3 bxc4 19. Bxc4 Bc8 20. g4 g6 21. Qf3 Qd7 22.
Rh4 Qxa4 23. Rxh7 Re7 24. b3 Qd7 25. Rh4 Ne8 26. Kg2 Ra7 27. Nf6+ Bxf6 28. gxf6
Re5 1-0

[Event "Kaupthing Open Differdange"]
[Site "Differdange"]
[Date "2007.07.11"]
[Round "6.29"]
[White "Wagener, Claude"]
[Black "Zelbel, Patrick"]
[Result "1/2-1/2"]
[WhiteElo "2307"]
[BlackElo "2193"]
[PlyCount "68"]
[EventType "swiss"]
[EventCountry "LUX"]

1. e4 c5 2. Nf3 d6 3. d4 cxd4 4. Nxd4 Nf6 5. Nc3 a6 6. Bd3 Nc6 7. Nxc6 bxc6 8.
O-O g6 9. f4 Bg7 10. Kh1 O-O 11. Qe1 a5 12. b3 Nd7 13. Bb2 e5 14. Na4 Nb6 15.
Nxb6 Qxb6 16. a4 Re8 17. Rd1 Qc5 18. Qh4 exf4 19. Bxg7 Kxg7 20. Qxf4 Be6 21.
Qf6+ Kg8 22. Bc4 Ra7 23. Rd4 Qe5 24. Bxe6 Rxe6 25. Qd8+ Kg7 26. Rc4 Rae7 27. h3
Rf6 28. Rd1 d5 29. exd5 Rd6 30. Qxa5 Rxd5 31. Rxd5 cxd5 32. Rc8 Qa1+ 33. Kh2
Qe5+ 34. Kh1 Qa1+ 1/2-1/2

[Event "Kaupthing Open Differdange"]
[Site "Differdange"]
[Date "2007.07.11"]
[Round "6.30"]
[White "Daubenfeld, Gilles"]
[Black "Wagener, Anna"]
[Result "1-0"]
[WhiteElo "2158"]
[BlackElo "2292"]
[PlyCount "123"]
[EventType "swiss"]
[EventCountry "LUX"]

1. e4 c5 2. Nf3 Nc6 3. d4 cxd4 4. Nxd4 g6 5. Nc3 Bg7 6. Be3 Nf6 7. Bc4 Qa5 8.
O-O O-O 9. Bb3 d6 10. h3 Qh5 11. Qd2 Bd7 12. f4 b5 13. a3 a5 14. Qd3 b4 15.
axb4 Nxb4 16. Qd2 Rfb8 17. e5 dxe5 18. fxe5 Qxe5 19. Bf4 Qc5 20. Bxb8 Rxb8 21.
Qf2 Ng4 22. Qxf7+ Kh8 23. hxg4 Bxd4+ 24. Kh1 Bxg4 25. Qf4 Qh5+ 26. Qh2 Qxh2+
27. Kxh2 Bf5 28. Rxa5 Nxc2 29. Rb5 Rxb5 30. Nxb5 Bxb2 31. Rxf5 gxf5 32. Bxc2 e6
33. Bb3 e5 34. Nd6 f4 35. Kh3 Kg7 36. Kg4 Kg6 37. Bc2+ Kf6 38. Bxh7 Ke6 39. Nc4
Bc3 40. Bg8+ Kf6 41. Bd5 Bb4 42. Kf3 Kf5 43. Be4+ Ke6 44. Bb7 Bc3 45. Ke4 Kf6
46. Bc8 Bd4 47. Bf5 Bc3 48. Nb6 Kg5 49. Nd7 Kh4 50. Kd5 Kg3 51. Be4 Kf2 52.
Nxe5 Kg3 53. Bf3 Ba5 54. Ke4 Bc7 55. Kf5 Bb8 56. Nd3 Bd6 57. Nc1 Kf2 58. Nd3+
Ke3 59. Ne5 Bb8 60. Ng4+ Kd4 61. Nf6 Bc7 62. Nd5 1-0

[Event "Kaupthing Open Differdange"]
[Site "Differdange"]
[Date "2007.07.11"]
[Round "6.31"]
[White "Graf, Felix"]
[Black "Christen, Pierre"]
[Result "0-1"]
[WhiteElo "2273"]
[BlackElo "2060"]
[PlyCount "66"]
[EventType "swiss"]
[EventCountry "LUX"]

1. d4 d5 2. c4 c6 3. Nf3 Nf6 4. Nc3 dxc4 5. e3 b5 6. a4 b4 7. Na2 e6 8. Bxc4 a5
9. O-O Nbd7 10. b3 Be7 11. Bb2 O-O 12. Nc1 Qb6 13. Nd3 Bb7 14. Rc1 Rfd8 15. Qe2
Rac8 16. Nde5 Nxe5 17. dxe5 Ne8 18. Nd4 Nc7 19. Qh5 c5 20. Nf3 Ba6 21. Bxa6
Qxa6 22. Rc4 Rd3 23. Ng5 Bxg5 24. Qxg5 h6 25. Qe7 Nd5 26. Qd6 Qxd6 27. exd6 Nb6
28. Rg4 g6 29. h4 h5 30. Rg5 Rxb3 31. Bf6 Nd7 32. Ba1 Kh7 33. g4 f6 0-1

[Event "Kaupthing Open Differdange"]
[Site "Differdange"]
[Date "2007.07.11"]
[Round "6.32"]
[White "Weller, Manuel"]
[Black "Mamedjarova, Turkan"]
[Result "0-1"]
[WhiteElo "1958"]
[BlackElo "2254"]
[PlyCount "78"]
[EventType "swiss"]
[EventCountry "LUX"]

1. e4 e5 2. Nf3 d6 3. d4 exd4 4. Nxd4 Nf6 5. Nc3 Be7 6. Bc4 O-O 7. O-O Nc6 8.
Nxc6 bxc6 9. Bf4 Nd7 10. Re1 Bf6 11. Qd2 Qe7 12. Rad1 Rb8 13. Bb3 Ne5 14. Be3
Bg4 15. Rb1 Nf3+ 16. gxf3 Bxf3 17. Bf4 Qd7 18. Bc4 Bg5 19. Qd3 Qh3 20. Qf1
Qxf1+ 21. Bxf1 Bxf4 22. Bg2 Bg4 23. f3 Be6 24. a3 d5 25. Nd1 d4 26. Bf1 c5 27.
Kh1 c4 28. Nf2 Rb5 29. Bg2 Rfb8 30. Red1 c5 31. b3 R5b7 32. b4 a5 33. Rb2 axb4
34. axb4 cxb4 35. Rbb1 d3 36. cxd3 c3 37. d4 c2 38. d5 Bd7 39. Nd3 Ba4 0-1

[Event "Kaupthing Open Differdange"]
[Site "Differdange"]
[Date "2007.07.11"]
[Round "6.33"]
[White "Penzel, Frank"]
[Black "Linster, Philippe"]
[Result "0-1"]
[WhiteElo "2210"]
[BlackElo "2053"]
[PlyCount "86"]
[EventType "swiss"]
[EventCountry "LUX"]

1. e4 c5 2. Nf3 a6 3. c4 e6 4. d4 cxd4 5. Nxd4 Qc7 6. Be2 Nf6 7. Nc3 b6 8. O-O
Bb7 9. Qd3 d6 10. Bf3 Nbd7 11. b3 Be7 12. Bb2 O-O 13. Rfd1 Rac8 14. Ba3 Rfe8
15. Qe3 Qb8 16. g3 Bd8 17. Bxd6 Qxd6 18. Ndb5 Qb8 19. Nd6 Ne5 20. Bg2 Be7 21.
Nxe8 Nxe8 22. Qxb6 Bc5 23. Qa5 Ng4 24. Rf1 Qe5 25. Kh1 Qd4 26. h3 Nxf2+ 27. Kh2
Qd2 28. a3 Bxe4 29. Ra2 Bc2 30. Qxa6 Rb8 31. Qc6 Be3 32. Nb5 Nf6 33. Qf3 h5 34.
a4 h4 35. gxh4 Rxb5 36. axb5 Qd6+ 37. Kg1 N2g4+ 38. Rf2 Bxf2+ 39. Kf1 Be4 40.
Ra8+ Kh7 41. Qxe4+ Nxe4 42. Bxe4+ f5 43. hxg4 Be3 0-1

[Event "Kaupthing Open Differdange"]
[Site "Differdange"]
[Date "2007.07.11"]
[Round "6.34"]
[White "Boettger, Lukas"]
[Black "Berend, Elvira S"]
[Result "0-1"]
[WhiteElo "2109"]
[BlackElo "2340"]
[PlyCount "70"]
[EventType "swiss"]
[EventCountry "LUX"]

1. d4 Nf6 2. c4 g6 3. Nc3 Bg7 4. e4 d6 5. f3 O-O 6. Be3 c5 7. d5 a6 8. a4 e6 9.
Nge2 exd5 10. cxd5 Re8 11. Ng3 h5 12. Be2 Nbd7 13. O-O Rb8 14. Nh1 Nf8 15. Nf2
Bd7 16. Bf4 Qc7 17. a5 b5 18. axb6 Rxb6 19. Qc2 Bb5 20. Ra2 N6d7 21. Rfa1 Reb8
22. Nfd1 Ne5 23. Nxb5 axb5 24. Be3 R6b7 25. Ra6 Qe7 26. f4 Nc4 27. Bf2 Nb6 28.
Bf3 Na4 29. Ra2 c4 30. e5 Rd7 31. Rxd6 Rxd6 32. exd6 Qxd6 33. Nc3 Nxc3 34. bxc3
Qxf4 35. Ra1 b4 0-1

[Event "Kaupthing Open Differdange"]
[Site "Differdange"]
[Date "2007.07.11"]
[Round "6.35"]
[White "Herbold, Manfred"]
[Black "Schweitzer, Viktoriya"]
[Result "0-1"]
[WhiteElo "2167"]
[BlackElo "2243"]
[PlyCount "84"]
[EventType "swiss"]
[EventCountry "LUX"]

1. Nc3 d5 2. e4 c6 3. d4 g6 4. Be3 Bg7 5. Qd2 Nf6 6. f3 dxe4 7. Nxe4 Nxe4 8.
fxe4 e5 9. Nf3 exd4 10. Bh6 Bxh6 11. Qxh6 Qa5+ 12. Kf2 Be6 13. Qg7 Rf8 14. Qxd4
Nd7 15. Bd3 O-O-O 16. b4 Qa3 17. Rhb1 c5 18. Qd6 Qc3 19. Ba6 cxb4 20. Bxb7+
Kxb7 21. Rxb4+ Nb6 22. Qe7+ Qc7 23. Qg5 Qxc2+ 24. Kg3 f5 25. Qe7+ Qc7+ 26.
Qxc7+ Kxc7 27. Rc1+ Kb7 28. a4 Rc8 29. Rcb1 Rc5 30. Nd4 Bd7 31. Nb3 Rc3+ 32.
Kh4 fxe4 33. Kg5 Ka8 34. a5 Nd5 35. Rd4 Rf5+ 36. Kh6 Rh5+ 37. Kg7 Rc7 38. Rc1
Bc6+ 39. Kg8 Re5 40. Rf1 Re8+ 41. Rf8 Nf6+ 42. Kh8 Rxf8# 0-1

[Event "Kaupthing Open Differdange"]
[Site "Differdange"]
[Date "2007.07.11"]
[Round "6.36"]
[White "Struk, Jerzy"]
[Black "Mauquoi, Rudi"]
[Result "1-0"]
[WhiteElo "2240"]
[BlackElo "2064"]
[PlyCount "65"]
[EventType "swiss"]
[EventCountry "LUX"]

1. e4 c5 2. Nf3 e6 3. c3 d5 4. exd5 exd5 5. d4 Nc6 6. Bb5 Bd6 7. O-O Nge7 8.
dxc5 Bxc5 9. Nbd2 O-O 10. Nb3 Bd6 11. Bd3 Bf5 12. Be3 Re8 13. Re1 b6 14. Ng5
Qd7 15. Bb5 Rac8 16. Nd4 h6 17. Ngf3 Be4 18. Nxc6 Nxc6 19. Nd4 Re6 20. Nxe6
Qxe6 21. f3 Bf5 22. Bf2 Qg6 23. Bxc6 Rxc6 24. Re8+ Kh7 25. Qxd5 Bh3 26. g3 Rc5
27. Qa8 Qg5 28. Rd1 Re5 29. Rh8+ Kg6 30. Rxd6+ Kh5 31. g4+ Bxg4 32. fxg4+ Qxg4+
33. Qg2 1-0

[Event "Kaupthing Open Differdange"]
[Site "Differdange"]
[Date "2007.07.11"]
[Round "6.37"]
[White "Wagner, Steven"]
[Black "Funke, Reinhard"]
[Result "1-0"]
[WhiteElo "2120"]
[BlackElo "2236"]
[PlyCount "63"]
[EventType "swiss"]
[EventCountry "LUX"]

1. e4 c5 2. Nf3 d6 3. d4 cxd4 4. Nxd4 Nf6 5. Nc3 Nc6 6. Nb3 e6 7. Be3 Be7 8. f3
O-O 9. Qd2 a6 10. O-O-O b5 11. g4 Nd7 12. Qf2 Bb7 13. h4 Nce5 14. Kb1 b4 15.
Na4 Bc6 16. Nb6 Nxb6 17. Bxb6 Qb8 18. Na5 Rc8 19. Bd4 Nxg4 20. fxg4 Bxe4 21.
Bd3 Bxh1 22. Rxh1 Qc7 23. Rf1 Rf8 24. Nc4 d5 25. Nd2 e5 26. Qf5 e4 27. Nxe4
dxe4 28. Qxe4 f5 29. Rxf5 Rad8 30. Re5 Rxd4 31. Qxh7+ Kf7 32. Qh5+ 1-0

[Event "Kaupthing Open Differdange"]
[Site "Differdange"]
[Date "2007.07.11"]
[Round "6.38"]
[White "Priewasser, Joerg"]
[Black "Boos, Markus"]
[Result "1/2-1/2"]
[WhiteElo "2022"]
[BlackElo "2216"]
[PlyCount "45"]
[EventType "swiss"]
[EventCountry "LUX"]

1. c4 c5 2. Nc3 Nc6 3. g3 g6 4. Bg2 Bg7 5. d3 e5 6. e4 d6 7. Nge2 Nge7 8. O-O
O-O 9. f4 Nd4 10. h3 f5 11. Nxd4 cxd4 12. Ne2 Rb8 13. Kh2 Be6 14. fxe5 dxe5 15.
a4 Qd7 16. exf5 gxf5 17. Ng1 Nc6 18. b3 a5 19. Ra2 Nb4 20. Raf2 Na6 21. Ba3 Rf7
22. Qe1 Qd8 23. Nf3 1/2-1/2

[Event "Kaupthing Open Differdange"]
[Site "Differdange"]
[Date "2007.07.11"]
[Round "6.39"]
[White "Beukema, Stefan"]
[Black "Mertens, Marc"]
[Result "0-1"]
[WhiteElo "1994"]
[BlackElo "2207"]
[PlyCount "66"]
[EventType "swiss"]
[EventCountry "LUX"]

1. e4 c5 2. Nf3 e6 3. d4 cxd4 4. Nxd4 Nf6 5. Nc3 d6 6. f4 Be7 7. Be3 a6 8. Qf3
Qc7 9. Be2 O-O 10. g4 b5 11. g5 Nfd7 12. f5 b4 13. f6 bxc3 14. fxe7 Re8 15. O-O
Ne5 16. Qg3 Bb7 17. bxc3 Nbd7 18. Bd3 Rxe7 19. Rab1 Nc5 20. Bf4 Rc8 21. Rfe1
Na4 22. c4 Nb6 23. c5 Qxc5 24. Be3 Qc7 25. Nxe6 Rxe6 26. Rxb6 Nd7 27. Rb2 Nc5
28. Bxc5 Qxc5+ 29. Kh1 Bc6 30. Qf4 Rce8 31. h4 f6 32. Kh2 fxg5 33. Qxg5 Qf2+
0-1

[Event "Kaupthing Open Differdange"]
[Site "Differdange"]
[Date "2007.07.11"]
[Round "6.40"]
[White "Bednarich, Jan"]
[Black "Risch, Michel"]
[Result "1-0"]
[WhiteElo "2279"]
[BlackElo "2030"]
[PlyCount "55"]
[EventType "swiss"]
[EventCountry "LUX"]

1. e4 c6 2. Nc3 d5 3. Nf3 Bg4 4. h3 Bh5 5. exd5 cxd5 6. g4 Bg6 7. Ne5 Nc6 8. d4
e6 9. h4 f6 10. h5 fxe5 11. hxg6 h6 12. dxe5 Bb4 13. Bd2 Nxe5 14. Qe2 Qd6 15.
Rh5 Bxc3 16. Bxc3 Nxg6 17. Bxg7 Rh7 18. Qb5+ Kd8 19. Bc3 Qf4 20. Bd3 Rf7 21.
Qc5 Qxg4 22. Rh1 N8e7 23. Rxh6 Qg1+ 24. Bf1 Nf5 25. Rh3 Nf4 26. Rh8+ Kd7 27.
O-O-O Qg5 28. Bb5# 1-0

[Event "Kaupthing Open Differdange"]
[Site "Differdange"]
[Date "2007.07.11"]
[Round "6.41"]
[White "Oud, Niek"]
[Black "Haerri, Adrian"]
[Result "1/2-1/2"]
[WhiteElo "2058"]
[BlackElo "2000"]
[PlyCount "34"]
[EventType "swiss"]
[EventCountry "LUX"]

1. d4 Nf6 2. c4 g6 3. Nc3 d5 4. e3 Bg7 5. Nf3 O-O 6. b3 c6 7. Bb2 Bg4 8. Be2
Ne4 9. O-O e6 10. h3 Bxf3 11. Bxf3 Nxc3 12. Bxc3 f5 13. Qc2 Nd7 14. Qb2 Nf6 15.
Be2 Qc7 16. Rac1 g5 17. f4 h6 1/2-1/2

[Event "Kaupthing Open Differdange"]
[Site "Differdange"]
[Date "2007.07.11"]
[Round "6.42"]
[White "Preiss, Veronika"]
[Black "Musholt, Joachim"]
[Result "1/2-1/2"]
[WhiteElo "2039"]
[BlackElo "1942"]
[PlyCount "32"]
[EventType "swiss"]
[EventCountry "LUX"]

1. d4 Nf6 2. Nf3 e6 3. e3 c5 4. Bd3 d5 5. c3 Be7 6. O-O O-O 7. Nbd2 b6 8. dxc5
Bxc5 9. e4 dxe4 10. Nxe4 Bb7 11. Nxf6+ Qxf6 12. Bg5 Bxf3 13. Bxf6 Bxd1 14.
Raxd1 gxf6 15. Be4 Nc6 16. Bxc6 Rad8 1/2-1/2

[Event "Kaupthing Open Differdange"]
[Site "Differdange"]
[Date "2007.07.11"]
[Round "6.43"]
[White "Bishop, Peter"]
[Black "Boyarchenko, Alex"]
[Result "1-0"]
[WhiteElo "1853"]
[BlackElo "1952"]
[PlyCount "139"]
[EventType "swiss"]
[EventCountry "LUX"]

1. e4 c6 2. Nf3 d5 3. e5 Bf5 4. d4 e6 5. Nbd2 c5 6. c4 Ne7 7. cxd5 Nxd5 8. Bb5+
Nc6 9. O-O Qb6 10. Qa4 Rc8 11. dxc5 Bxc5 12. Nc4 Qc7 13. Be3 Nxe3 14. fxe3 O-O
15. Bxc6 bxc6 16. b4 Be7 17. Rac1 Rfd8 18. Na5 c5 19. b5 Bd3 20. Rfe1 Qb6 21.
Nc6 Rd7 22. Nxe7+ Rxe7 23. Qh4 Rec7 24. a4 a6 25. bxa6 Qxa6 26. Ra1 Rb7 27. a5
Rb4 28. Qe7 h6 29. Rec1 Rb7 30. Qd6 Rc6 31. Qd8+ Kh7 32. Rd1 c4 33. Nd4 Rc5 34.
Qd6 Qa7 35. Nc6 Rxc6 36. Qxc6 Qxe3+ 37. Kh1 Be4 38. Qxc4 Rb2 39. Rg1 Rc2 40.
Qf1 Qd4 41. a6 Qxe5 42. a7 Rc3 43. a8=Q Rh3 44. Qxe4+ Qxe4 45. Qb1 Qxb1 46.
Rgxb1 Rh5 47. Kg1 Rf5 48. Rb7 g5 49. Rf1 Rxf1+ 50. Kxf1 Kg6 51. Rb8 g4 52. Kf2
h5 53. Rg8+ Kh7 54. Re8 Kg6 55. Kg3 Kg5 56. Rg8+ Kf5 57. Kh4 Kf4 58. Ra8 f5 59.
Ra4+ Ke3 60. Ra3+ Kf2 61. Ra2+ Ke3 62. Kxh5 Kf4 63. Ra4+ Ke3 64. Kh4 Kf2 65.
Ra2+ Ke3 66. Kg3 e5 67. Ra3+ Ke4 68. h4 gxh3 69. gxh3 f4+ 70. Kf2 1-0

[Event "Kaupthing Open Differdange"]
[Site "Differdange"]
[Date "2007.07.12"]
[Round "7.2"]
[White "Erdos, Viktor"]
[Black "Sulava, Nenad"]
[Result "1/2-1/2"]
[WhiteElo "2523"]
[BlackElo "2544"]
[PlyCount "59"]
[EventType "swiss"]
[EventCountry "LUX"]

1. d4 e6 2. c4 Bb4+ 3. Nd2 b6 4. Ngf3 Bb7 5. a3 Bxd2+ 6. Qxd2 Nf6 7. e3 O-O 8.
Be2 d6 9. O-O Nbd7 10. b4 Ne4 11. Qc2 f5 12. Bb2 Rf6 13. d5 Rh6 14. Rad1 e5 15.
Bd3 c6 16. Bxe4 fxe4 17. Qxe4 cxd5 18. cxd5 Nf6 19. Qb1 Qe8 20. e4 Qh5 21. Qd3
Bc8 22. Rde1 Bh3 23. Bc1 Qg4 24. g3 Bxf1 25. Kxf1 Rh5 26. h4 h6 27. Kg2 Rf8 28.
Nh2 Qg6 29. Kh3 Nh7 30. Qe2 1/2-1/2

[Event "Kaupthing Open Differdange"]
[Site "Differdange"]
[Date "2007.07.12"]
[Round "7.3"]
[White "Gharamian, Tigran"]
[Black "Malakhatko, Vadim"]
[Result "1-0"]
[WhiteElo "2517"]
[BlackElo "2590"]
[PlyCount "67"]
[EventType "swiss"]
[EventCountry "LUX"]

1. e4 e6 2. d4 d5 3. Nc3 Nf6 4. e5 Nfd7 5. f4 c5 6. Nf3 Nc6 7. Be3 a6 8. Qd2 b5
9. a3 Bb7 10. Bd3 Qc7 11. O-O O-O-O 12. Kh1 g5 13. dxc5 gxf4 14. Bxf4 Nxc5 15.
Bg5 Bg7 16. Bxd8 Rxd8 17. Qf2 Nd7 18. Bxb5 axb5 19. Nxb5 Qb6 20. Nd6+ Kb8 21.
Qg3 Rg8 22. Nxf7 Ka7 23. Nh6 Bxh6 24. Qxg8 Ncxe5 25. Nxe5 Nxe5 26. Rae1 Qc7 27.
Qxe6 Bg7 28. c3 Qc4 29. Qe7 Bh8 30. Qxh7 Qc8 31. Qe7 Qc4 32. Qf8 d4 33. Qxh8
Bxg2+ 34. Kg1 1-0

[Event "Kaupthing Open Differdange"]
[Site "Differdange"]
[Date "2007.07.12"]
[Round "7.4"]
[White "Stefansson, Hannes"]
[Black "Meijers, Viesturs"]
[Result "1/2-1/2"]
[WhiteElo "2568"]
[BlackElo "2483"]
[PlyCount "230"]
[EventType "swiss"]
[EventCountry "LUX"]

1. e4 c5 2. Nf3 e6 3. d4 cxd4 4. Nxd4 a6 5. Bd3 Nf6 6. O-O d6 7. c4 Nbd7 8. Nc3
b6 9. Qe2 g6 10. Nf3 Qc7 11. Rd1 Bb7 12. Bf4 Nh5 13. Be3 Bg7 14. Qd2 Rd8 15.
Bc2 Nc5 16. Bg5 Nf6 17. Qf4 Qe7 18. e5 dxe5 19. Rxd8+ Qxd8 20. Nxe5 h6 21. Rd1
Bd5 22. Bxf6 Qxf6 23. Qxf6 Bxf6 24. Nxg6 Bxc4 25. Nxh8 Bxh8 26. a4 Ke7 27. Rb1
Nb3 28. Nd1 Nd2 29. Ra1 Bd5 30. Nc3 Bc4 31. Rd1 Nb3 32. Be4 Nc5 33. Bc2 b5 34.
axb5 axb5 35. Ra1 b4 36. Na4 Nb3 37. Rd1 Nd4 38. Nb6 Ba2 39. Bd3 Bb3 40. Rd2
Kd6 41. Nc4+ Kc5 42. Ne3 Ba4 43. h3 f5 44. Nc2 Nb3 45. Rd1 Bxb2 46. Ne3 Nc1 47.
Bc2 Bxc2 48. Nxc2 b3 49. Rd8 bxc2 50. Rc8+ Kd5 51. Rxc2 Nd3 52. Kf1 Bd4 53. f3
Nc5 54. Ra2 h5 55. Ra7 h4 56. Rh7 Bf6 57. Rh6 Nd7 58. Kf2 f4 59. Rh7 Kd6 60.
Rf7 e5 61. Ke2 Ke6 62. Rh7 Be7 63. Rh6+ Bf6 64. Rh7 Nb6 65. Kd3 Kf5 66. Rb7 Nd5
67. Rb5 Ne3 68. Rb2 Be7 69. Ra2 Bc5 70. Rb2 Bd4 71. Ra2 Ke6 72. Ra6+ Kf7 73.
Ra2 Ke7 74. Ke4 Kd7 75. Kd3 Kc7 76. Ke4 Kb6 77. Kd3 Kb5 78. Rd2 Kb4 79. Re2 Kb3
80. Ke4 Kc4 81. Rd2 Bc3 82. Rf2 Kb3 83. Kd3 Bb2 84. Rd2 Bd4 85. Re2 Nd1 86. Rd2
Nb2+ 87. Ke4 Kc3 88. Re2 Nc4 89. Kf5 Kd3 90. Ra2 Bc3 91. Kg5 Be1 92. Kf5 Bg3
93. Kg5 Kc3 94. Kf5 Kd3 95. Kg5 Ne3 96. Kf6 e4 97. fxe4 Kxe4 98. Kg5 Kd3 99.
Rb2 Nd1 100. Ra2 Ke3 101. Kg4 Nf2+ 102. Kf5 Nd3 103. Kg4 Nc1 104. Ra1 Ne2 105.
Rf1 Nd4 106. Rd1 Nc6 107. Rd5 Nd4 108. Ra5 Kf2 109. Ra2+ Kf1 110. Rd2 Ne2 111.
Kf3 Ng1+ 112. Kg4 Bf2 113. Kxf4 Kxg2 114. Kg4 Nxh3 115. Rxf2+ Nxf2+ 1/2-1/2

[Event "Kaupthing Open Differdange"]
[Site "Differdange"]
[Date "2007.07.12"]
[Round "7.5"]
[White "Hoffmann, Michael"]
[Black "Henrichs, Thomas"]
[Result "1/2-1/2"]
[WhiteElo "2481"]
[BlackElo "2496"]
[PlyCount "53"]
[EventType "swiss"]
[EventCountry "LUX"]

1. e4 c5 2. Nf3 d6 3. d4 cxd4 4. Nxd4 Nf6 5. Nc3 a6 6. Bg5 e6 7. f4 Qb6 8. Qd2
Qxb2 9. Rb1 Qa3 10. f5 Nc6 11. fxe6 fxe6 12. Nxc6 bxc6 13. e5 dxe5 14. Bxf6
gxf6 15. Ne4 Qxa2 16. Rd1 Be7 17. Be2 O-O 18. O-O Ra7 19. Rf3 Kh8 20. Rg3 Rd7
21. Qh6 Rf7 22. Qh5 Rxd1+ 23. Bxd1 Qa5 24. Kf1 Qd8 25. Qxf7 Qxd1+ 26. Kf2 Qxc2+
27. Kf3 1/2-1/2